Государственная геологическая карта Российской Федерации: Карты. L-37 Ростов-на-Дону (Запись № 12699261)

Подробности
000 -МАРКЕР
контрольное поле 02218nem2a2200337 4500
001 - ИДЕНТИФИКАТОР ЗАПИСИ
контрольное поле RU\NLR\BIBL_A\022084717
005 - ИДЕНТИФИКАТОР ВЕРСИИ
контрольное поле 20231227132742.0
010 ## - МЕЖДУНАРОДНЫЙ СТАНДАРТНЫЙ НОМЕР КНИГИ (ISBN)
Номер (ISBN) 978-5-00193-300-7
Тираж 100
035 ## - ДРУГИЕ СИСТЕМНЫЕ НОМЕРА
Идентификатор записи (NLR Aleph) 022084717
100 ## - ДАННЫЕ ОБЩЕЙ ОБРАБОТКИ
Данные общей обработки 20231129d2021 m||y0rusy50 ca
101 0# - ЯЗЫК РЕСУРСА
Язык текста, звукозаписи и т.д. русский
102 ## - СТРАНА ПУБЛИКАЦИИ ИЛИ ПРОИЗВОДСТВА
Страна публикации Российская Федерация
120 ## - ПОЛЕ КОДИРОВАННЫХ ДАННЫХ: КАРТОГРАФИЧЕСКИЕ МАТЕРИАЛЫ - ОБЩИЕ ХАРАКТЕРИСТИКИ
Кодированные данные о картографическом материале (общие) byyy xx||
123 1# - ПОЛЕ КОДИРОВАННЫХ ДАННЫХ: КАРТОГРАФИЧЕСКИЕ МАТЕРИАЛЫ - МАСШТАБ И КООРДИНАТЫ
Тип масштаба a
Постоянное отношение линейного горизонтального масштаба 1000000
200 1# - ЗАГЛАВИЕ И СВЕДЕНИЯ ОБ ОТВЕТСТВЕННОСТИ
Основное заглавие L-37 Ростов-на-Дону
Общее обозначение материала Карты
Первые сведения об ответственности Исп. работ: АО «Южморгеология», АО «Северо-Кавказское ПГО», ФГБУ «ВСЕГЕИ»
Последующие сведения об ответственности Гл. науч. ред. В.А. Снежко
206 ## - ОБЛАСТЬ СПЕЦИФИЧЕСКИХ СВЕДЕНИЙ: КАРТОГРАФИЧЕСКИЕ МАТЕРИАЛЫ - МАТЕМАТИЧЕСКИЕ ДАННЫЕ
Сведения о математических данных 1:1 000 000
210 ## - ПУБЛИКАЦИЯ, РАСПРОСТРАНЕНИЕ И ДР.
Место издания, распространения и т.д. Санкт-Петербург
Имя издателя, распространителя и т. д. ВСЕГЕИ
Дата издания, распространения и т.д. 2021
215 ## - ФИЗИЧЕСКАЯ ХАРАКТЕРИСТИКА
Специфическое обозначение материала и объем 3 к. (4 л.)
Другие сведения о физической характеристике цв., табл., профили
Размеры 65х98 см и др., в кор. 25х17 см
Сопроводительный материал 2 электрон. опт. диска (CD-ROM); 12 см
225 1# - СЕРИЯ
Основное заглавие серии Серия Скифская
300 ## - ОБЩИЕ ПРИМЕЧАНИЯ
Текст примечания Карты: Карта закономерностей размещения и прогноза полезных ископаемых; Карта прогноза на нефть и газ; Литологическая карта поверхности дна акватории
461 #0 - УРОВЕНЬ НАБОРА
Встроенное поле 001RU\NLR\BIBL_A\012660634
-- 2001#$aГосударственная геологическая карта Российской Федерации
Системный номер (АБИС) связанной записи 12754783
Место публикации Санкт-Петербург
Дата публикации 2019-2022
Издание 3-е поколение
Первые сведения об ответственности Оформл. и отпеч. на картогр. ф-ке ВСЕГЕИ
Имя издателя, распространителя и т.д. ВСЕГЕИ
Физическая характеристика ...компл
Заглавие Государственная геологическая карта Российской Федерации: Карты
509 01 - ЗАГОЛОВОК -СТРУКТУРИРОВАННОЕ ГЕОГРАФИЧЕСКОЕ ИЛИ ТЕМАТИЧЕСКОЕ НАИМЕНОВАНИЕ
Графика поля Кириллица
Географическое / тематическое наименование – начальный элемент ввода Россия
Идентифицирующий признак юго-вост. часть
Инвертируемая часть Европейская
Системный номер авторитетной/нормативной записи 2637663
Идентификатор авторитетной / нормативной записи RU\NLR\AUTH\5506690
606 1# - НАИМЕНОВАНИЕ ТЕМЫ КАК ПРЕДМЕТ
Наименование темы Литология
Формальный подзаголовок Карты
Системный номер авторитетной/нормативной записи 1508580
Идентификатор авторитетной/нормативной записи RU\NLR\AUTH\66654609
607 ## - ГЕОГРАФИЧЕСКОЕ НАИМЕНОВАНИЕ КАК ПРЕДМЕТ
Географическое наименование Россия
Формальный подзаголовок Карты
Географический подзаголовок Европейская часть
-- Юг
Системный номер авторитетной/нормативной записи 2411685
Идентификатор авторитетной/нормативной записи RU\NLR\AUTH\6601655982
608 ## - ФОРМА, ЖАНР, ФИЗИЧЕСКИЕ ХАРАКТЕРИСТИКИ ДОКУМЕНТА КАК ТОЧКА ДОСТУПА
Начальный элемент ввода Карты полезных ископаемых
Системный номер авторитетной/нормативной записи 2327007
Идентификатор авторитетной/нормативной записи RU\NLR\AUTH\661391795
702 #1 - ИМЯ ЛИЦА - ВТОРИЧНАЯ ОТВЕТСТВЕННОСТЬ
Начальный элемент ввода Снежко
Часть имени, кроме начального элемента ввода В. А.
Код отношения Редактор
852 ## - МЕСТОНАХОЖДЕНИЕ И ШИФР ХРАНЕНИЯ
Идентификатор организации NLR
Наименование фонда или коллекции (Sub-Location Identifier) К
Шифр хранения (Call Number) 4-Союз 6/5000
Идентификатор единицы 23-204
942 ## - ДОПОЛНИТЕЛЬНЫЕ ЭЛЕМЕНТЫ ЗАПИСИ (АБИС)
Тип экземпляра АБИС Карта
980 ## - КОЛЛЕКЦИЯ
Название коллекции Национальная библиография

Нет доступных экземпляров.